[Event "New York op"]
[Site "New York"]
[Date "1998.03.22"]
[Round "9"]
[White "Epishin, Vladimir"]
[Black "Ehlvest, Jaan"]
[Result "1-0"]
[WhiteElo "2590"]
[BlackElo "2610"]

1.d4 Nf6 2.c4 e6 3.Nf3 b6 4.g3 Ba6 5.Qb3 Nc6 6.Bd2 Bb7 7.Bc3 Ne4 8.a3 Nxc3
9.Qxc3 Qf6 10.d5 Ne7 11.e4 Qxc3+ 12.Nxc3 a6 13.Bg2 g6 14.O-O Bg7 15.Rfe1 h6
16.h4 O-O 17.Rad1 exd5 18.cxd5 d6 19.e5 Rae8 20.exd6 cxd6 21.Nd4 Nf5 22.Nc6 b5
23.a4 bxa4 24.Rxe8 Rxe8 25.Nxa4 h5 26.b4 Rc8 27.Nb6 Rc7 28.Nc4 Kf8 29.Rd3 Bf6
30.N4a5 Bc8 31.Bh3 Bd7 32.Ra3 Bc8 33.Nc4 Be7 34.Kh2 Bb7 35.N4a5 Bc8 36.Nb3 Bf6
37.Nba5 Bd7 38.Bf1 Bc8 39.Nb3 Bb7 40.Nba5 Bc8 41.Bd3 Nd4 42.Bf1 Nb5 43.Re3 Nc3
44.Bg2 Bd7 45.Re1 Rc8 46.Kg1 Rc7 47.Bf3 Bg4 48.Bxg4 hxg4 49.Re3 Nxd5 50.Rd3 Nc3
51.Rxd6 Ne4 52.Rd5 Kg7 53.Kg2 Bc3 54.Rd8 f5 55.f3 gxf3+ 56.Kxf3 Nd2+ 57.Kf4 Nc4
58.Ra8 Nxa5 59.Nxa5 Bd2+ 60.Kf3 Bxb4 61.Rxa6 Rc3+ 62.Kg2 Kh6 63.Nc6 Bd6 64.Nd4 Bxg3
65.Nxf5+ Kh5 66.Nxg3+ Kh6 67.h5  1-0

[Event "Tan Chin Nam"]
[Site "Beijing"]
[Date "1998.06.08"]
[Round "1"]
[White "Magem Badals, Jorge"]
[Black "Ehlvest, Jaan"]
[Result "1/2-1/2"]
[WhiteElo "2535"]
[BlackElo "2610"]

1.e4 c5 2.Nf3 d6 3.d4 Nf6 4.Nc3 cxd4 5.Nxd4 a6 6.Be3 e5 7.Nb3 Be6 8.f3 Nbd7
9.Qd2 h6 10.O-O-O b5 11.g4 Nb6 12.Qf2 Nfd7 13.Kb1 Be7 14.h4 Qc7 15.Rg1 Rc8
16.g5 hxg5 17.hxg5 b4 18.Nd5 Nxd5 19.exd5 Bf5 20.Bd3 Bxd3 21.cxd3 Qb7 22.d4 Qxd5
23.dxe5 Qxe5 24.Bd4 Qf5+ 25.Ka1 Ne5 26.f4  1/2-1/2

[Event "Tan Chin Nam"]
[Site "Beijing"]
[Date "1998.06.11"]
[Round "4"]
[White "Ehlvest, Jaan"]
[Black "Lin Weiguo"]
[Result "1-0"]
[WhiteElo "2610"]
[BlackElo "2460"]

1.Nf3 d5 2.d4 Nf6 3.c4 dxc4 4.e3 e6 5.Bxc4 c5 6.Qe2 a6 7.dxc5 Bxc5 8.O-O O-O
9.e4 Nc6 10.e5 Nd7 11.Bf4 b5 12.Bd3 g6 13.Nbd2 Bb7 14.Rfd1 Nd4 15.Nxd4 Bxd4
16.Be4 Ra7 17.Bxb7 Rxb7 18.Ne4 Qb6 19.Rac1 f6 20.exf6 Nxf6 21.Nxf6+ Rxf6
22.Rxd4 Qxd4 23.Be5 Qd8 24.Bxf6 Qxf6 25.Rc6 Rf7 26.Rxa6 Rc7 27.g3 Qf5 28.Rd6 Qb1+
29.Kg2 Qxa2 30.Qxb5 Qa8+ 31.Kh3 Qc8 32.Qb3 Rb7 33.Qf3 Kg7 34.Rd2 Qb8 35.Qc3+ Kf7
36.Kg2 Rb3 37.Rd7+ Ke8 38.Qg7  1-0

[Event "Tan Chin Nam"]
[Site "Beijing"]
[Date "1998.06.12"]
[Round "5"]
[White "Xie Jun"]
[Black "Ehlvest, Jaan"]
[Result "1/2-1/2"]
[WhiteElo "2485"]
[BlackElo "2610"]

1.e4 c6 2.d4 d5 3.Nc3 dxe4 4.Nxe4 Bf5 5.Ng3 Bg6 6.h4 h6 7.Nf3 Nf6 8.Ne5 Bh7
9.Bc4 e6 10.Qe2 Nd5 11.Bb3 Nd7 12.Bd2 Nxe5 13.dxe5 a5 14.a4 Qb6 15.Rd1 Qd4
16.Bc1 Qb4+ 17.Bd2 Qd4  1/2-1/2

[Event "Tan Chin Nam"]
[Site "Beijing"]
[Date "1998.06.17"]
[Round "10"]
[White "Ehlvest, Jaan"]
[Black "Tong Yuanming"]
[Result "1/2-1/2"]
[WhiteElo "2610"]
[BlackElo "2505"]

1.Nf3 Nf6 2.c4 e6 3.Nc3 Bb4 4.Qc2 c5 5.a3 Bxc3 6.Qxc3 Nc6 7.g3 Qa5 8.b4 cxb4
9.axb4 Qxb4 10.Qxb4 Nxb4 11.Nd4 d5 12.Ba3 Nc6 13.Nb5 Kd7 14.Bg2 dxc4 15.Nd6 Nd5
16.Nxf7 Rg8 17.Be4 Nf6 18.Bxc6+ Kxc6 19.Ne5+ Kd5 20.Bb2 a5 21.d3 cxd3 22.Rd1 Kd6
23.Rxd3+ Kc7 24.O-O Ra6 25.Rc1+ Kb8 26.Ba3 Nd5 27.Rd4 b5 28.e4 Nb6 29.Bd6+ Ka8
30.Rc5 b4 31.Nc6 b3 32.Rxa5 Kb7 33.Rxa6 Kxa6 34.Rb4 Bb7 35.Nb8+ Ka5 36.Rxb3 Bxe4
37.f3 Bd5 38.Ra3+ Kb5 39.Ra1 Nc4 40.Rb1+ Ka4 41.Rb4+ Ka5 42.Nc6+ Bxc6 43.Rxc4 Bxf3
44.Rf4 Bc6 45.Rf8  1/2-1/2

[Event "Keres mem"]
[Site "Tallinn/ Parnu"]
[Date "1998.06.21"]
[Round "3"]
[White "Adianto, Utut"]
[Black "Ehlvest, Jaan"]
[Result "1/2-1/2"]
[WhiteElo "2615"]
[BlackElo "2610"]

1.d4 Nf6 2.c4 e6 3.Nf3 b6 4.g3 Ba6 5.b3 Bb4+ 6.Bd2 Be7 7.Bg2 d5 8.cxd5 Nxd5
9.Nc3 Nd7 10.O-O O-O 11.Re1 Bb7 12.Qc2 c5 13.Nxd5 exd5 14.Rad1 Rc8 15.Bh3 cxd4
16.Qb1 Ra8 17.Nxd4 Nc5 18.Bf4 Ne4 19.Bf5 Nf6 20.e4 Nh5 21.exd5 Nxf4 22.Nc6 Bxc6
23.dxc6 Bd6 24.gxf4 g6 25.Qd3 Bxf4 26.Qxd8 Raxd8 27.Bd7 Kg7 28.Kg2 Bc7 29.Re7 h5
30.Rd3 Kf6 31.Re4 Kg7 32.b4 a6 33.Ra3 Ra8 34.Rf3 Rad8 35.Rfe3 Kf6 36.a4 Kg7
37.b5 axb5 38.axb5 Bd6 39.Rd3 Bc7 40.Ra4 Ra8 41.Rda3 Ra5 42.Rxa5 bxa5 43.b6 Bxb6
44.Rb3 Bc7 45.Rb7 Be5 46.Ra7 Rb8 47.Rxa5 Bd6 48.h3 Rb2 49.Kf3 Rc2 50.Rd5 Bc7
51.Rb5 Bd6 52.Rb7 Kf8 53.Ke3 g5 54.f3 Bf4+ 55.Kd3 Rc1 56.Rb4 h4 57.Ke4 Rc5
58.Kd4 Rc1 59.Rb5 Ke7 60.Ke4 Rc3  1/2-1/2

[Event "Keres mem"]
[Site "Tallinn/ Parnu"]
[Date "1998.06.25"]
[Round "5"]
[White "Oll, Lembit"]
[Black "Ehlvest, Jaan"]
[Result "1-0"]
[WhiteElo "2645"]
[BlackElo "2610"]

1.e4 c5 2.Nf3 d6 3.d4 cxd4 4.Nxd4 Nf6 5.Nc3 Nc6 6.Bg5 e6 7.Qd2 a6 8.O-O-O Bd7
9.f4 b5 10.Nf3 b4 11.Bxf6 Qxf6 12.Ne2 Qd8 13.Ned4 Qb6 14.f5 Nxd4 15.Nxd4 Rc8
16.fxe6 fxe6 17.Be2 Rc5 18.Bg4 Re5 19.Qd3 h5 20.Bh3 Rh6 21.Kb1 a5 22.Rhe1 a4
23.Nf3 Ra5 24.e5 d5 25.Nd4 Be7 26.Rf1 g5 27.Qd2 Rc5 28.Rf3 Rc4 29.Rd3 Rh8
30.g4 h4 31.Nf5 Rf4 32.Ng7+ Kd8 33.Rxd5 exd5 34.Qxd5 Bd6 35.exd6 Kc8 36.Bg2 Qa7
37.Nf5 Rxg4 38.Ne7+ Kd8 39.Qe5 Re8 40.Nc6+ Bxc6 41.Qf6+ Kc8 42.Bxc6  1-0

[Event "Keres mem"]
[Site "Tallinn/ Parnu"]
[Date "1998.06.28"]
[Round "8"]
[White "Yermolinsky, Alex"]
[Black "Ehlvest, Jaan"]
[Result "1/2-1/2"]
[WhiteElo "2660"]
[BlackElo "2610"]

1.Nf3 e6 2.g3 Nf6 3.Bg2 d5 4.O-O Be7 5.d3 c5 6.Nbd2 Nc6 7.e4 b6 8.Re1 Bb7
9.c3 Qc7 10.Nf1 d4 11.e5 Nd7 12.Qe2 dxc3 13.bxc3 b5 14.d4 cxd4 15.cxd4 Nb4
16.Bd2 a6 17.Rec1 Qd8 18.h4 h6 19.Ne1 Bxg2 20.Nxg2 Nb6 21.Qg4 g5 22.Bxb4 Bxb4
23.Nfe3 Be7 24.Rc6 Nd5 25.Qe4 gxh4 26.Nxd5 Qxd5 27.Qxd5 exd5 28.Nxh4 Kd7
29.Rac1 Rhc8 30.Rxc8 Rxc8 31.Rxc8 Kxc8 32.Nf5 Bf8 33.Kf1 Kd7 34.Ke2 h5 35.f4 a5
36.Ne3 Kc6 37.Kd3 a4 38.Kc2 b4 39.Kd3 Be7 40.Nf5 Bf8 41.Ne3 Be7 42.Nf5 Bf8
43.Kd2 Kb5 44.Ne3 Kc6 45.Kc2 Be7 46.Nf5 Bf8 47.Kd3 Kb5 48.Ne3 Kc6 49.f5 Bh6
50.Nc2 Bf8 51.Ne1 Bh6 52.f6 Kd7 53.Ke2 Ke6 54.Nd3 Bf8 55.Nf4+ Kf5 56.Kf3 b3
57.axb3 axb3 58.Nxd5 b2 59.Nc3 Bb4 60.Nb1 Be1 61.Na3 Ke6 62.Ke4 Bxg3 63.d5+ Kd7
64.Kf5 Ke8 65.e6 Bh4 66.Ke5 Bf2 67.Kf4 Bc5 68.Nb1 h4 69.Kg4 Bd4 70.Kxh4 Bxf6+
71.Kg4 fxe6  1/2-1/2

[Event "MK Cafe Cup-A"]
[Site "Koszalin"]
[Date "1998.08.05"]
[Round "3"]
[White "Ehlvest, Jaan"]
[Black "Haba, Petr"]
[Result "1/2-1/2"]
[WhiteElo "2620"]
[BlackElo "2515"]

1.d4 c5 2.d5 d6 3.Nf3 Nf6 4.c4 e5 5.Nc3 Be7 6.e4 Bg4 7.h3 Bh5 8.Bd3 Na6 9.Be3 Nc7
10.g4 Bg6 11.Qc2 a6 12.Ne2 b5 13.b3 Qb8 14.Ng3 a5 15.O-O a4 16.cxb5 Nxb5
17.bxa4 Na3 18.Qb3 Qb4 19.Qxb4 cxb4 20.Rfd1 Rxa4 21.Rac1 Kd7 22.g5 Nh5 23.Nxe5+ dxe5
24.Be2 Bd6 25.Nxh5 Bxh5 26.Bxh5 Nb5 27.Be2 Rb8 28.Bxb5+ Rxb5 29.Rc2 b3 30.axb3 Rxb3
31.Rdc1 Rxe4 32.Rc8 Rb8 33.Rxb8  1/2-1/2

[Event "MK Cafe Cup-A"]
[Site "Koszalin"]
[Date "1998.08.07"]
[Round "5"]
[White "Ehlvest, Jaan"]
[Black "Gleizerov, Evgeny"]
[Result "1/2-1/2"]
[WhiteElo "2620"]
[BlackElo "2535"]

1.d4 e6 2.c4 f5 3.g3 Nf6 4.Bg2 c6 5.Nf3 d5 6.O-O Bd6 7.Nc3 O-O 8.Bf4 Bxf4
9.gxf4 Ne4 10.e3 Bd7 11.Qb3 Qb6 12.Nxe4 fxe4 13.Ne5 Qxb3 14.axb3 Be8 15.Bh3 Rf6
16.f3 exf3 17.Rxf3 Nd7 18.cxd5 Nxe5 19.dxe5 Rg6+ 20.Rg3 exd5 21.b4  1/2-1/2

[Event "Elista ol (Men)"]
[Site "Elista"]
[Date "1998.10.01"]
[Round "3"]
[White "Stefansson, Hannes"]
[Black "Ehlvest, Jaan"]
[Result "0-1"]
[WhiteElo "2535"]
[BlackElo "2620"]

1.e4 c5 2.Nf3 d6 3.d4 cxd4 4.Nxd4 Nf6 5.Nc3 e6 6.Be2 Be7 7.O-O Nc6 8.Be3 O-O
9.f4 a6 10.a4 Qc7 11.Kh1 Re8 12.Bf3 Bf8 13.Qd2 Na5 14.Qf2 Nc4 15.Bc1 e5 16.Nde2 d5
17.fxe5 Nxe5 18.Bf4 dxe4 19.Nxe4 Nd5 20.Bg3 Qb6 21.Nd4 Nxf3 22.Qxf3 Qg6 23.Nf2 Nb4
24.c3 Nc6 25.Rad1 Bd7 26.Ne2 Ne5 27.Qxb7 Bxa4 28.Nf4 Qc6 29.Qxc6 Bxc6 30.Nd5 Nc4
31.Nc7 Ne3 32.Rg1 Nxd1 33.Rxd1 Re2 34.Nxa8 Bxa8 35.h3 Be7 36.Rd7 h5 37.h4 g5
38.hxg5 Bxg5 39.Kg1 h4 40.Be5 Rxe5  0-1

[Event "Elista ol (Men)"]
[Site "Elista"]
[Date "1998.10.02"]
[Round "4"]
[White "Iordachescu, Viorel"]
[Black "Ehlvest, Jaan"]
[Result "0-1"]
[WhiteElo "2490"]
[BlackElo "2620"]

1.e4 e5 2.Nf3 Nc6 3.Bb5 a6 4.Ba4 Nf6 5.O-O Be7 6.Re1 d6 7.c3 Bg4 8.d3 Nd7
9.Be3 h6 10.h3 Bh5 11.Nbd2 Bg5 12.Nf1 Bxe3 13.fxe3 O-O 14.Ng3 Bg6 15.d4 b5
16.Bc2 Nb6 17.Qe2 Re8 18.Qf2 Nb8 19.Nh1 N8d7 20.Nh4 Nf6 21.Nf5 Nc4 22.Bd3 Bxf5
23.exf5 d5 24.g4 Qd6 25.b3 Na3 26.Ng3 c5 27.dxc5 Qxc5 28.Rac1 e4 29.Bf1 Rac8
30.Qd2 Rc7 31.Ne2 Rec8 32.Nf4 b4 33.c4 dxc4 34.Bxc4 Qb6 35.Nd5 Nxd5 36.Qxd5 Nxc4
37.Rxc4 Rxc4 38.bxc4 Qc7 39.Qxe4 Qg3+ 40.Kf1 Qxh3+ 41.Kf2 Qh2+ 42.Kf3 Qxa2
43.c5 Rxc5 44.Rd1 Rc8 45.Qxb4 Re8 46.Rd2 Qa1 47.Kf2 Kh7 48.Qd6 Qh1 49.Qg3 a5
50.Qf4 Re4 51.Qg3 a4 52.Ke2 Qb1 53.Kf3 Qb7 54.Kf2 Qb4 55.Rd7 Rxg4 56.Qe5 Rg5  0-1

[Event "Elista ol (Men)"]
[Site "Elista"]
[Date "1998.10.06"]
[Round "8"]
[White "Saltaev, Mihail"]
[Black "Ehlvest, Jaan"]
[Result "1/2-1/2"]
[WhiteElo "2525"]
[BlackElo "2620"]

1.e4 e5 2.Nf3 Nc6 3.Bb5 a6 4.Ba4 Nf6 5.O-O Bc5 6.d3 b5 7.Bb3 d6 8.c3 O-O
9.Be3 h6 10.Nbd2 Bb7 11.Qe1 Nd7 12.Bd5 Rb8 13.b4 Bb6 14.a4 Ne7 15.Bxb7 Rxb7
16.axb5 axb5 17.Bxb6 Rxb6 18.d4  1/2-1/2

[Event "Elista ol (Men)"]
[Site "Elista"]
[Date "1998.10.11"]
[Round "12"]
[White "Guseinov, Aidyn"]
[Black "Ehlvest, Jaan"]
[Result "1/2-1/2"]
[WhiteElo "2510"]
[BlackElo "2620"]

1.d4 e6 2.c4 b6 3.Nf3 Bb7 4.Nc3 Bb4 5.Qc2 f5 6.a3 Be4 7.Qd2 Bxc3 8.Qxc3 Nf6
9.b3 O-O 10.Bb2 Qe7 11.e3 d6 12.Be2 Nbd7 13.O-O Bb7 14.Qc2 Ne4 15.Ne1 Qh4
16.f3 Ng5 17.Nd3 Rf6 18.g3 Nh3+ 19.Kh1 Qg5 20.d5 Rff8 21.Nf4 Nxf4 22.gxf4 Qh6
23.Rg1 Rf7 24.Rg5 Re8 25.Rag1 Ree7 26.e4 Nf8 27.exf5 exf5 28.Bd3 c6 29.Bxf5 cxd5
30.cxd5 Bxd5 31.Be4 Bxe4 32.fxe4 Ng6 33.f5 Ne5 34.Bxe5 dxe5 35.Qc4 Kf8 36.R5g3 Rc7
37.Qd5 Qc6 38.Qd8+ Qe8 39.Qh4 Qc6 40.Qd8+ Qe8 41.Qh4 Qc6 42.Qd8+  1/2-1/2

[Event "Elista ol (Men)"]
[Site "Elista"]
[Date "1998.10.12"]
[Round "13"]
[White "Ehlvest, Jaan"]
[Black "Isaev, Jamshed"]
[Result "1/2-1/2"]
[WhiteElo "2620"]
[BlackElo "2440"]

1.Nf3 Nf6 2.c4 g6 3.Nc3 d5 4.Qa4+ Bd7 5.Qb3 dxc4 6.Qxc4 Bg7 7.e4 Bc6 8.Qe2 Nh5
9.d4 Bxd4 10.Nxd4 Qxd4 11.Bh6 Nd7 12.Rd1 Qe5 13.Qe3 f5 14.Bc4 f4 15.Qh3 Nb6
16.Be2 Bd7 17.Qh4 O-O-O 18.O-O Bc6 19.Bg5 Rxd1 20.Rxd1 h6 21.Bxe7 g5 22.Qh3+ Bd7
23.Qxh5 Qxe7 24.h3 Be8 25.Qg4+  1/2-1/2

[Event "Rilton Cup 9899"]
[Site "Stockholm"]
[Date "1998.12.29"]
[Round "2"]
[White "Ehlvest, Jaan"]
[Black "Nyander, Joakim"]
[Result "1/2-1/2"]
[WhiteElo "2620"]
[BlackElo "2195"]

1.d4 d5 2.c4 e6 3.Nf3 c6 4.Qc2 Nf6 5.g3 dxc4 6.Qxc4 b5 7.Qb3 Nbd7 8.Bg2 Bb7
9.Bg5 a6 10.Ne5 Qc8 11.Bxf6 gxf6 12.Nxd7 Qxd7 13.e3 c5 14.Bxb7 Qxb7 15.O-O Rd8
16.Rd1 Be7 17.Nc3 h5 18.dxc5 h4 19.Rxd8+ Bxd8 20.Qc2 Qc6 21.Ne2 Bc7 22.Rd1 Rh5
23.b4 hxg3 24.Nxg3 Bxg3 25.fxg3 Qf3 26.Rd3 Rd5 27.Qd2 Qe4 28.Rxd5 exd5 29.a3 Qb1+
30.Kg2 Qe4+ 31.Kg1 Qb1+ 32.Kf2 Qh1 33.h4 Qh2+ 34.Ke1 Qxg3+ 35.Qf2 Qe5 36.Qf4 Qa1+
37.Kf2 Qb2+ 38.Kf3 Qa1 39.Kf2 Qb2+ 40.Kg3 Qxa3 41.Kg4 Qb2 42.Qb8+ Ke7 43.Qd6+ Ke8
44.Kf5 Qc2+ 45.Kxf6 Qg6+ 46.Ke5 Qe4+  1/2-1/2

[Event "Dos Hermanas op"]
[Site "Dos Hermanas"]
[Date "1998.??.??"]
[Round "2"]
[White "Ehlvest, Jaan"]
[Black "Carretero Ortiz, Francisco"]
[Result "1/2-1/2"]
[WhiteElo "2610"]
[BlackElo "2155"]

1.d4 Nf6 2.Nf3 c5 3.d5 d6 4.Nc3 g6 5.e4 Bg7 6.Be2 O-O 7.O-O b6 8.Re1 Na6
9.e5 dxe5 10.Nxe5 Nb4 11.Bf3 Bb7 12.a3 Nbxd5 13.Bg5 Rb8 14.Nxd5 Nxd5 15.Bxd5 Bxd5
16.c4 Bxe5 17.Rxe5 Bxc4 18.Bxe7 Qxd1+ 19.Rxd1 Rfe8 20.Bf6  1/2-1/2

[Event "Dos Hermanas op"]
[Site "Dos Hermanas"]
[Date "1998.??.??"]
[Round "4"]
[White "Ehlvest, Jaan"]
[Black "Dias, Paulo"]
[Result "1-0"]
[WhiteElo "2610"]
[BlackElo "2295"]

1.d4 d5 2.c4 e6 3.Nc3 Nf6 4.cxd5 exd5 5.Bg5 Be7 6.e3 O-O 7.Bd3 Nbd7 8.Nf3 c6
9.Qc2 Re8 10.h3 a5 11.g4 Ne4 12.Bxe4 dxe4 13.Nxe4 Bxg5 14.Nexg5 Nf8 15.Ne4 f5
16.Nc3 fxg4 17.hxg4 Bxg4 18.Ne5 Rxe5 19.dxe5 Bf3 20.Rh3 Bg4 21.Rg3 Qh4 22.Qe4 h5
23.Qg2 Rd8 24.f3 Be6 25.Rd1 Nd7 26.Rd6 Re8 27.Nd1 Qe7 28.Rxe6 Qxe6 29.Rxg7+ Kf8
30.Rh7  1-0

[Event "Dos Hermanas op"]
[Site "Dos Hermanas"]
[Date "1998.??.??"]
[Round "5"]
[White "Magem Badals, Jorge"]
[Black "Ehlvest, Jaan"]
[Result "1/2-1/2"]
[WhiteElo "2535"]
[BlackElo "2610"]

1.e4 c5 2.Nf3 d6 3.c3 Nf6 4.Be2 Nbd7 5.d3 b6 6.Nbd2 Bb7 7.O-O e6 8.Re1 Be7
9.Bf1 O-O 10.d4 cxd4 11.cxd4 Rc8 12.Bd3 e5 13.d5 g6 14.Nf1 Nh5 15.Bh6 Ng7
16.Ne3 Kh8 17.b4 Nf6 18.a4 Ng8 19.Bxg7+ Kxg7 20.a5 Rb8 21.axb6 axb6 22.Ra7  1/2-1/2

[Event "Dos Hermanas op"]
[Site "Dos Hermanas"]
[Date "1998.??.??"]
[Round "7"]
[White "Komljenovic, Davor"]
[Black "Ehlvest, Jaan"]
[Result "0-1"]
[WhiteElo "2425"]
[BlackElo "2610"]

1.Nf3 Nf6 2.c4 e6 3.Nc3 Bb4 4.Qc2 c5 5.a3 Ba5 6.g3 Nc6 7.Bg2 O-O 8.O-O d6
9.d3 h6 10.e3 e5 11.Nd2 Bxc3 12.Qxc3 a5 13.b3 Be6 14.Bb2 Qd7 15.f4 exf4 16.gxf4 Ne8
17.Qc2 f5 18.Nb1 Nf6 19.Nc3 Qf7 20.Bf3 Kh7 21.Kh1 Rg8 22.Nb5 Rad8 23.e4 Ne8
24.exf5 Bxf5 25.Bd5 Be6 26.d4+ Bf5 27.Qg2 Qd7 28.Bxg8+ Kxg8 29.Rfe1 Ne7 30.Rad1 Ng6
31.dxc5 Nxf4 32.Qf3 g5 33.Nxd6 Bg4 34.Qc3 Nf6 35.Rd4 Qc6+ 36.Rde4 Rxd6 37.cxd6 Bf5
38.Qxf6 Bxe4+ 39.Kg1 Nh3+ 40.Kf1 Bd3+ 41.Re2 Qh1+  0-1

[Event "Dos Hermanas op"]
[Site "Dos Hermanas"]
[Date "1998.??.??"]
[Round "9"]
[White "Campora, Daniel H"]
[Black "Ehlvest, Jaan"]
[Result "1/2-1/2"]
[WhiteElo "2520"]
[BlackElo "2610"]

1.e4 c5 2.Nf3 d6 3.d4 cxd4 4.Nxd4 Nf6 5.Nc3 a6 6.Be2 e5 7.Nb3 Be7 8.Be3 Qc7
9.g4 h6 10.h4 b5 11.a3 Nbd7 12.Rg1 Bb7 13.Bf3 Nb6 14.g5 hxg5 15.hxg5 Nfd7
16.Na5 Na4 17.Nxa4 Qxa5+ 18.Nc3 b4 19.Nd5 bxa3+ 20.Bd2 Qd8 21.Rxa3 Bxd5 22.exd5 g6
23.Qa1 Qc8 24.Rc3 Qd8 25.Rc4 Kf8 26.Ke2 Kg7 27.Qa5 Qxa5 28.Bxa5 Rac8 29.Rc6 Nb8
30.Rxc8 Rxc8 31.c3 Rc5 32.Bb4 Rb5 33.Kd3 a5 34.Ba3 Nd7 35.Kc2 Nb6 36.Be2 Rxd5
37.Bf3 e4 38.Bxe4 Re5 39.Bd3 Kf8 40.b3 Nd7 41.Bc1 Nc5 42.f4 Re6 43.Bc4 Re4
44.Bd5 Re2+ 45.Bd2 Ne6 46.Ra1 Bd8 47.Rd1 Rh2 48.Rh1 Rxh1 49.Bxh1 Bb6 50.Bg2 Ke7
51.Bd5 Nc7 52.Bf3 d5 53.Kd3 f6 54.c4 dxc4+ 55.Kxc4 f5 56.Bd5 Nxd5 57.Kxd5 Bc7
58.Kc6 Kd8 59.Bc1 Kc8 60.Be3 Bb8 61.Bc1 Bc7 62.Be3 Bb8 63.Kb6 Bc7+ 64.Kb5 Kd7
65.Bd2 Kc8 66.Kc6  1/2-1/2

[Event "Heart of Finland op"]
[Site "Jyvaskyla"]
[Date "1998.??.??"]
[Round "?"]
[White "Sergejev, Roman"]
[Black "Ehlvest, Jaan"]
[Result "1/2-1/2"]
[WhiteElo "2385"]
[BlackElo "2610"]

1.Nf3 g6 2.d4 Bg7 3.c3 f5 4.g3 Nf6 5.Bg2 O-O 6.O-O d6 7.Nbd2 Nc6 8.Qb3+ e6
9.Re1 d5 10.Qc2 Qe7 11.Nb3 Ne4 12.Nfd2 e5 13.Nxe4 fxe4 14.Be3 Qf7 15.Qd2 a5
16.a4 b6 17.f3 exf3 18.exf3 Re8 19.dxe5 Nxe5 20.Bd4 Bb7 21.Bxe5 Bxe5 22.f4 Bf6
23.Nd4 Qd7 24.Nb5 c6 25.Nd4 Rad8 26.Rxe8+ Rxe8 27.Re1 Kg7 28.Rxe8 Qxe8 29.f5 Kg8
30.g4 Qe7 31.Ne6 Bc8 32.Qe3 Bxe6 33.Qxe6+ Qxe6 34.fxe6 Kf8 35.g5 Bxg5 36.c4 d4
37.Bxc6 Ke7 38.Bd5 Bf4 39.h3 d3 40.Kf2 Kd6 41.Ke1 Bg5 42.Kf2 h6 43.Be4 d2
44.Ke2 Kxe6 45.Bxg6 Kd6 46.c5+ bxc5 47.b3 c4 48.bxc4 Kc5 49.Be8  1/2-1/2

[Event "Heart of Finland op"]
[Site "Jyvaskyla"]
[Date "1998.??.??"]
[Round "?"]
[White "Kilpela, Panu"]
[Black "Ehlvest, Jaan"]
[Result "0-1"]
[WhiteElo "2210"]
[BlackElo "2610"]

1.e4 g6 2.d4 Bg7 3.c4 d6 4.Nc3 Nf6 5.f3 O-O 6.Bg5 a6 7.Qd2 Nc6 8.Nge2 Rb8
9.d5 Ne5 10.Nd4 c5 11.Nc2 b5 12.cxb5 axb5 13.b4 Bd7 14.Rb1 Qc7 15.bxc5 b4
16.Nxb4 dxc5 17.Nc2 Rxb1+ 18.Nxb1 Rb8 19.Nc3 Qa5 20.Ne3 Rb4 21.Ned1 Rd4 22.Qc1 e6
23.Bd2 exd5 24.Nxd5 Qxa2 25.N1c3 Qb3 26.Nxf6+ Bxf6 27.Nd5 Bh4+  0-1

[Event "Heart of Finland op"]
[Site "Jyvaskyla"]
[Date "1998.??.??"]
[Round "?"]
[White "Solozhenkin, Evgeniy"]
[Black "Ehlvest, Jaan"]
[Result "1-0"]
[WhiteElo "2500"]
[BlackElo "2610"]

1.d4 Nf6 2.c4 e6 3.Nf3 b6 4.Nc3 Bb4 5.Bg5 Bb7 6.e3 h6 7.Bh4 g5 8.Bg3 Ne4
9.Qc2 Bxc3+ 10.bxc3 Nxg3 11.fxg3 g4 12.Nh4 Qg5 13.Qf2 f5 14.Bd3 Nc6 15.O-O O-O
16.Qe2 Ne7 17.Rf4 d5 18.c5 Bc6 19.Bb5 Bxb5 20.Qxb5 Rfd8 21.a4 a6 22.Qb2 bxc5
23.Qb7 Rdc8 24.Re1 c4 25.Rb1 Qh5 26.Qb4 Qe8 27.Qc5 Kf7 28.e4 dxe4 29.Qxc4 Kf6
30.Rbf1 Qd7 31.Rxg4 c5 32.Rxe4 cxd4 33.Qxd4+ Qxd4+ 34.Rxd4 Rxc3 35.g4 Rc6
36.gxf5 exf5 37.Nxf5 Nxf5 38.Rd5 Kg6 39.Rdxf5 Rd8 40.R5f4 Rd5 41.h3 h5 42.Kh2 Rb6
43.R1f2 a5 44.Rc4 Rb4 45.Rfc2 Rxc4 46.Rxc4 Kg5 47.Kg3 Rf5 48.h4+ Kg6 49.Rc6+ Kg7
50.Rb6 Kf7 51.Kh3 Rc5 52.g3 Ke7 53.Rg6 Kf7 54.Ra6 Ke7 55.Kg2 Rf5 56.Rb6 Kd7
57.Rg6 Ke7 58.Rc6 Kd7 59.Rc4 Ke6 60.g4 hxg4 61.Kg3 Rf1 62.Kxg4 Rb1 63.Kg5 Rb4
64.Rg4 Kf7 65.Rf4+ Ke6  1-0

[Event "Heart of Finland op"]
[Site "Jyvaskyla"]
[Date "1998.??.??"]
[Round "?"]
[White "Ehlvest, Jaan"]
[Black "Sivokho, Sergey"]
[Result "1-0"]
[WhiteElo "2610"]
[BlackElo "2425"]

1.d4 Nf6 2.c4 c5 3.d5 b5 4.cxb5 a6 5.bxa6 Bxa6 6.Nc3 g6 7.Nf3 d6 8.e4 Bxf1
9.Kxf1 Bg7 10.h3 O-O 11.Kg1 Qb6 12.Kh2 Na6 13.Re1 Nb4 14.Re2 Qa6 15.Bg5 h6
16.Be3 Rfb8 17.Ne1 Qc4 18.a3 Na6 19.Nf3 Nc7 20.Rc1 Rb7 21.b4 cxb4 22.axb4 Nxe4
23.Nxe4 Qxe4 24.Bxh6 Qxb4 25.Bxg7 Kxg7 26.Rxe7 Nxd5 27.Rxb7 Qxb7 28.Qd4+ Kg8
29.Ng5 Re8 30.Ra1 Qc6 31.Ra5 Nc7 32.Qh4 Kf8 33.Ra4 Qc3 34.Rc4 Qe5+ 35.f4 Qa5
36.Nxf7 Kxf7 37.Rxc7+ Ke6 38.Qh7 Kd5 39.Qf7+ Kd4 40.Rd7 Re4 41.Rxd6+ Ke3
42.Qb3+ Kxf4 43.Qf3+  1-0

[Event "Heart of Finland op"]
[Site "Jyvaskyla"]
[Date "1998.??.??"]
[Round "?"]
[White "Ehlvest, Jaan"]
[Black "Yrjola, Jouni"]
[Result "1-0"]
[WhiteElo "2610"]
[BlackElo "2410"]

1.e4 c5 2.Nf3 d6 3.d4 cxd4 4.Nxd4 Nf6 5.Nc3 Nc6 6.Bc4 e6 7.Be3 a6 8.Bb3 Qc7
9.O-O Be7 10.f4 Na5 11.f5 e5 12.Nde2 Bd7 13.Ng3 Nc4 14.Bc1 Qc5+ 15.Kh1 h5
16.h3 h4 17.Nge2 Bc6 18.Qd3 b5 19.Bg5 Nxb2 20.Qf3 Rc8 21.Be3 Qb4 22.Rfb1 Nxe4
23.Nxe4 Qxe4 24.Qxe4 Bxe4 25.Rxb2 Rh5 26.Rf1 Rxf5 27.Rxf5 Bxf5 28.a4 Be4
29.Bd2 Bc6 30.axb5 axb5 31.Nc3 Ra8 32.Rb1 Bd8 33.Rf1 f6 34.Nd5 Rc8 35.Ne3 Kd7
36.Nf5 g5 37.Ng7 d5 38.Nh5 Ke6 39.Ng7+ Kd7 40.Rd1 Bb6 41.Bb4  1-0

[Event "Heart of Finland op"]
[Site "Jyvaskyla"]
[Date "1998.??.??"]
[Round "?"]
[White "Nouro, Mikael"]
[Black "Ehlvest, Jaan"]
[Result "0-1"]
[WhiteElo "2320"]
[BlackElo "2610"]

1.e4 c5 2.c3 d5 3.exd5 Qxd5 4.d4 Nf6 5.Nf3 g6 6.Be2 Bg7 7.O-O O-O 8.c4 Qd8
9.Nc3 cxd4 10.Qxd4 Nc6 11.Qh4 Bf5 12.Bh6 Qb6 13.b3 Rad8 14.Rad1 Rxd1 15.Rxd1 Bxh6
16.Na4 Qc7 17.Qxh6 Ng4 18.Qh4 Rd8 19.Rxd8+ Qxd8 20.h3 Nf6 21.Qf4 Kg7 22.Qe3 Qa5
23.Bf1 e5 24.g3 Ng8 25.Bg2 Nge7 26.Kh2 f6 27.Nd2 Bd7 28.g4 Qc7 29.Nc5 Bc8
30.Kg1 f5 31.gxf5 Nxf5 32.Qe4 Nfd4 33.Nf3 Nxf3+ 34.Qxf3 Nd4 35.Qd5 Ne2+ 36.Kf1 Nf4  0-1

[Event "New York op 5'"]
[Site "New York"]
[Date "1998.??.??"]
[Round "?"]
[White "Khomeriki, Giorgi"]
[Black "Ehlvest, Jaan"]
[Result "0-1"]
[WhiteElo "2205"]
[BlackElo "2610"]

1.b3 d5 2.f4 Nf6 3.Nf3 g6 4.Bb2 Bg7 5.e3 Bg4 6.Be2 c5 7.h3 Bxf3 8.Bb5+ Nfd7
9.Bxg7 Bxd1 10.Bxh8 Bxc2 11.O-O a6 12.Bxd7+ Nxd7 13.Bb2 Bd3 14.Re1 Nf6 15.Nc3 b5
16.Rac1 Rc8 17.Nd1 Ne4 18.Nf2 Nxf2 19.Kxf2 Qd7 20.Rc3 c4 21.bxc4 dxc4 22.Ra3 Rc6
23.Bc3 g5 24.Bd4 gxf4 25.exf4  0-1

[Event "EST-chT"]
[Site "Tallinn"]
[Date "1998.??.??"]
[Round "1"]
[White "Ehlvest, Jaan"]
[Black "Shishkov, Andrei"]
[Result "1-0"]
[WhiteElo "2610"]
[BlackElo "2270"]

1.Nf3 d5 2.d4 Bf5 3.Bg5 c6 4.e3 Nd7 5.c4 Ngf6 6.Nc3 e6 7.Bd3 Bxd3 8.Qxd3 Be7
9.O-O O-O 10.Rfd1 Rc8 11.Rab1 a6 12.h3 Nh5 13.Bxe7 Qxe7 14.e4 dxe4 15.Qxe4 Nhf6
16.Qe2 Rfe8 17.b4 b5 18.Ne5 Nb6 19.Rb3 Nfd7 20.c5 Nd5 21.Ne4 Nxe5 22.dxe5 Ra8
23.Rg3 Red8 24.Rd4 g6 25.Qd2 Kg7 26.Rf3 Rf8 27.h4 Qc7 28.Qg5 a5 29.a3 h6
30.Qg3 axb4 31.axb4 Ra4 32.Nf6 Qe7 33.h5 Rxb4 34.Nxd5 Rb1+ 35.Kh2 exd5 36.Rf6 g5
37.f4 Re8 38.Rxc6 b4 39.e6 Qf6 40.exf7 Qxc6 41.fxe8=Q Qxe8 42.fxg5 Qxh5+
43.Rh4  1-0

[Event "EST-chT"]
[Site "Tallinn"]
[Date "1998.??.??"]
[Round "2"]
[White "Ehlvest, Jaan"]
[Black "Gavrikov, Viktor"]
[Result "1/2-1/2"]
[WhiteElo "2610"]
[BlackElo "2555"]

1.e4 c5 2.Nf3 d6 3.d4 Nf6 4.Nc3 cxd4 5.Nxd4 a6 6.Be3 Ng4 7.Bg5 h6 8.Bh4 g5
9.Be2 Bg7 10.Bg3 h5 11.Bxg4 Bxg4 12.f3 Bd7 13.Bf2 Nc6 14.O-O e6  1/2-1/2

[Event "EST-chT"]
[Site "Tallinn"]
[Date "1998.??.??"]
[Round "7"]
[White "Gavrikov, Viktor"]
[Black "Ehlvest, Jaan"]
[Result "1/2-1/2"]
[WhiteElo "2555"]
[BlackElo "2610"]

1.Nf3 e6 2.g3 b6 3.Bg2 Bb7 4.O-O d5 5.c4 dxc4 6.Qa4+ Nd7 7.Qxc4 c5 8.d4 Ngf6
9.Nc3 a6 10.dxc5 b5 11.Qf4 Bxc5 12.Ng5  1/2-1/2

[Event "Rilton Cup 9899"]
[Site "Stockholm"]
[Date "1999.01.02"]
[Round "5"]
[White "Matros, Alexander"]
[Black "Ehlvest, Jaan"]
[Result "0-1"]
[WhiteElo "2385"]
[BlackElo "2620"]

1.d4 c5 2.d5 f5 3.e4 fxe4 4.Nc3 Nf6 5.g4 g6 6.g5 Nh5 7.Nxe4 d6 8.Ng3 Nxg3
9.hxg3 Nd7 10.Nh3 Qb6 11.f4 Qb4+ 12.Kf2 Qd4+ 13.Be3 Qxb2 14.a4 Bg7 15.Rb1 Qa2
16.Ng1 Nb6 17.Bd3 Kd8 18.Ne2 Qxd5 19.c4 Nxc4 20.Bxc4 Qxc4 21.Rc1 Qe4 22.Bxc5 Bg4
23.Nc3 Qf5  0-1